000 00299nam a2200121Ia 4500
008 240731s9999 xx 000 0 und d
022 _a1522-9033
245 0 _aPsychoanalytic Social Work
260 _bRoutledge
856 _uhttps://www.tandfonline.com/loi/wpsw20
942 _2ddc
942 _cTFEJ
999 _c79068
_d79068
945 _a1
_bMadushi Gamage
_c1
_dMadushi Gamage